English language/ (Record no. 193152)

MARC details
000 -LEADER
fixed length control field 00590nam a22001817a 4500
005 - DATE AND TIME OF LATEST TRANSACTION
control field 20221017123046.0
010 ## - LCCN (DPL NO)
LC control number ENG-135442
020 ## - INTERNATIONAL STANDARD BOOK NUMBER
International Standard Book Number 9789387253506
Terms of availability 180.00
035 ## - SYSTEM CONTROL NUMBER
System control number EN-118974
037 ## - SOURCE OF ACQUISITION
Source of stock number/acquisition DBAD/PUB
082 ## - DEWEY DECIMAL CLASSIFICATION NUMBER
Classification number 480
100 ## - MAIN ENTRY--PERSONAL NAME
Personal name Garg, manoj kumar
245 ## - TITLE STATEMENT
Title English language/
Statement of responsibility, etc by Manoj kumar garg
260 ## - PUBLICATION, DISTRIBUTION, ETC. (IMPRINT)
Place of publication, distribution, etc New Delhi
Name of publisher, distributor, etc kitab mahal publishers
Date of publication, distribution, etc 2019
270 ## - ADDRESS
Address 8, hari sadan, (g.f.) 20, ansari road, daryaganj
City New delhi
Postal code 110002
Telephone number 9810669341
Fax number 011-23289285
Electronic mail address kitab_mahal@hotmail.com
300 ## - PHYSICAL DESCRIPTION
Extent 264p.
Dimensions 22cm(pbk)
942 ## - ADDED ENTRY ELEMENTS (KOHA)
Source of classification or shelving scheme Dewey Decimal Classification
Item type English Books
Call number suffix GAR
Classification part 480
Holdings
Withdrawn status Lost status Not for loan Collection code Home library Current library Date acquired Source of acquisition Cost, normal purchase price Full call number Barcode Copy number Cost, replacement price Koha item type
      Non-fiction Vinoba Puri Vinoba Puri 17/10/2022 DBAD/PUB 180.00 480 GAR EN-118974 1 180.00 English Books

© Delhi Public Library
Hit Counter
free hit counter